000
00306nam a2200121Ia 4500
008
210430s9999 xx 000 0 und d
082
_a
537.12 L8651 E
100
_a
SCME
245
_a
Electromagagnetic Fields and Waves
_c
SCME
260
_a
India
_b
Paul Lorrain
_c
2003
300
_a
706p
942
_c
BK
_2
ddc
999
_c
562497
_d
562497